01367nam a2200337Ic 450000100060000000300100000600500170001600700030003300800410003602000180007704000350009504100080013008200150013810000340015324501130018725000220030026400810032230000180040333600270042133700330044833800280048149000360050950001410054565000700068665000470075665000410080370000250084494200120086999900170088195201310089858482CO-BoRNBP20250822222115.0ta180815s9999 xx 000 0 und d a9789501227369 aCO-BoRNBPbspaerdacCO-BoRNBP aspa0 a302.2 W34t1 aWilliams, Raymondeaut96330310aTelevisión :btecnología y forma cultural /cRaymond Williams ; traducción del inglés Alcira Bixio. aPrimera edición 1aBuenos Aires Paidós :bPaidós,c[Fecha de publicación no identificada] a208 páginas atextobtxt2rdacontent asin mediaciónbn2rdamedia avolumenbnc2rdacarrier0 aEstudios de comunicación ; 36 aIncluye índice analítico \ Incluye bibliografía al final del texto \ Título original: Televisión: technology and cultural form07aMedios De Comunicacion De Masas - Aspectos Sociales2lemb91500407aTecnología y civilización2lemb91486607aTelevision - Aspectos Sociales2lemb1 aBixio, Alcira963304 cBK2ddc c58482d58482 00102ddc40708GENaMEMAPJGAbMEMAPJGAcGENd2025-08-22l0o302.2 W34tpMPJG00586r2025-08-22 22:21:51tEj.1w2025-08-22yBK